000 00486nam a2200181Ia 4500
001 7827
005 20260306160524.0
008 260306t2012||||xx |||||||||||||| ||spa||
041 _aESP
082 _a362.5
_bE77
100 _aEscobal, Javier
_eAUT
245 0 _a¿Está el piso parejo para los niños en el Perú?:
_bmedición y comprensión de la evolución de las oportunidades
260 _c2012
300 _a
_c
650 _aGEN
654 _aCAN
942 _cLIB
_dJUS
_fJUS
_2ddc
_n
999 _c7827
_d7827